| 000 | 02135cam a22004694i 4500 | ||
|---|---|---|---|
| 003 | PE-LiUPU | ||
| 005 | 20250731173327.0 | ||
| 008 | 150706s1994 miu r 000 0 eng d | ||
| 020 | _a9780310279518 | ||
| 035 | _a(Sirsi) i9780310279518 | ||
| 040 |
_aPE-LiUPU _bspa _cPE-LiUPU _erda |
||
| 049 | _aPRUA | ||
| 082 | 0 | 4 |
_a220.6 _bK17 _221 |
| 100 | 1 |
_aKaiser, Walter C., _eautor. |
|
| 245 | 1 | 0 |
_aIntroduction to biblical hermeneutics : _bthe search for meaning / _cWalter C. Kaiser y Moisés Silva. |
| 264 | 1 |
_aGrand Rapids, Mich. : _bZondervan, _c1994. |
|
| 300 |
_a350 páginas ; _c24 centímetros |
||
| 336 |
_atext _2rdacontent |
||
| 337 |
_aunmediated _2rdamedia |
||
| 338 |
_avolume _2rdacarrier |
||
| 505 | 0 | _aThe search for meaning: initial directions -- Who needs hermeneutics anyway? -- The meaning of meaning -- Let's be logical: using and abusing language -- How do the parts fit the whole? The tool of biblical theology -- Must we go "Beyond" the bible? The theological use of the bible -- Does the new testament accuaretely use the old testment? -- Why get entangled with historical interpretation? The role of history -- Understanding the text: meaning in literary genres -- Responding to the text: meaning and aplication -- The search for meaning: further challenges. | |
| 526 | _aSEG42 | ||
| 526 | _aSEG41 | ||
| 526 | _aSEG40 | ||
| 526 | _aSEG39 | ||
| 526 | _aP94 | ||
| 526 | _aP87 | ||
| 526 | _aP86 | ||
| 526 | _aP85 | ||
| 526 | _aP77 | ||
| 526 | _aP76 | ||
| 526 | _aP35 | ||
| 541 | _g103-3336991-5762639; | ||
| 650 | 0 | 4 | _aHermenéutica bíblica. |
| 650 | 0 | 4 |
_aHermenéutica _xCristianismo. |
| 910 |
_bng _cng _d20090309 |
||
| 942 |
_2ddc _cBOOK |
||
| 949 |
_a220.6 K17 _wDEWEY _c1 _i59372 _lCCODEBUL1 _mBUL _p23.00 _r0 _sY _tBOOK _u2015-7-6 _xTEOLOGIA _zUNKNOWN _o.STAFF. Colección General |
||
| 994 |
_aC0 _bPEPRU |
||
| 596 | _a1 | ||
| 999 |
_a220.63 K17 _wDEWEY _c47659 _i58798 _d47659 _e2019-9-18 _f2021-11-9 _g5 _lCCODEBUL1 _mBUL _n4 _p25.00 _q2 _r0 _sY _tBOOK _u2015-6-25 _xTEOLOGIA _PP35 _0COMPRA _o.STAFF. Colección Teología |
||
| 980 |
_81 _gALBERTO SANCHEZ Responsable de Automatización |
||